[Event "Copenhagen Bronshoj op"]
[Site "Copenhagen"]
[Date "2017.02.13"]
[Round "4"]
[White "Larsen, Preben R"]
[Black "Dupont, Michael Kim"]
[Result "1-0"]
[WhiteElo "1823"]
[BlackElo "1548"]
[PlyCount "23"]
[EventDate "2017.02.10"]
[EventType "swiss"]
[EventRounds "7"]
[EventCountry "DEN"]
[SourceTitle "CBM 176 Extra"]
[Source "ChessBase"]
[SourceDate "2017.03.02"]
[SourceVersion "1"]
[SourceVersionDate "2017.03.02"]
[SourceQuality "1"]

1. c4 Nf6 2. Nc3 g6 3. d4 Bg7 4. e4 d6 5. Nf3 0-0 6. Bg5 h6 7. Bh4 g5 8. Bg3 Nh5 9. Be2 Nxg3 10. hxg3 a5 11. Qd2 a4 12. Nxg5 1-0

[Event "Copenhagen Bronshoj op"]
[Site "Copenhagen"]
[Date "2017.02.12"]
[Round "3"]
[White "Dupont, Michael Kim"]
[Black "Jorgensen, Orla Eilegaard"]
[Result "0-1"]
[WhiteElo "1548"]
[BlackElo "1678"]
[PlyCount "34"]
[EventDate "2017.02.10"]
[EventType "swiss"]
[EventRounds "7"]
[EventCountry "DEN"]
[SourceTitle "CBM 176 Extra"]
[Source "ChessBase"]
[SourceDate "2017.03.02"]
[SourceVersion "1"]
[SourceVersionDate "2017.03.02"]
[SourceQuality "1"]

1. e4 b6 2. g3 Bb7 3. Bg2 e6 4. d3 Nf6 5. Nf3 Be7 6. 0-0 0-0 7. h3 c5 8. Nh2 Qc7 9. f4 d6 10. Ng4 Nbd7 11. f5 exf5 12. Rxf5 Nxg4 13. Qxg4 Nf6 14. Qh4 Nxe4 15. Bg5 Bxg5 16. Rxg5 Nxg5 17. Bxb7 Nxh3+ 0-1

[Event "Amager Aabne CC-ch"]
[Site "Sundbyoster"]
[Date "2016.02.21"]
[Round "3"]
[White "Tronning, Mark Philip"]
[Black "Dupont, Michael Kim"]
[Result "1-0"]
[WhiteElo "1627"]
[BlackElo "1482"]
[PlyCount "83"]
[EventDate "2016.01.19"]
[EventType "swiss"]
[EventRounds "7"]
[EventCountry "DEN"]
[SourceTitle "EXT 2025"]
[Source "ChessBase"]
[SourceDate "2024.10.14"]
[SourceVersion "1"]
[SourceVersionDate "2024.10.14"]
[SourceQuality "1"]

1. b3 e5 2. Bb2 Nc6 3. e3 d5 4. Bb5 Qg5 5. Bxc6+ bxc6 6. Qf3 Bd6 7. Qg3 Qxg3 8. hxg3 Bf5 9. d3 Bb4+ 10. Nd2 f6 11. 0-0-0 e4 12. dxe4 Bxd2+ 13. Rxd2 Bxe4 14. f3 Bg6 15. Ne2 Ne7 16. g4 0-0-0 17. Ba3 Kd7 18. e4 Bf7 19. c4 Rde8 20. Nf4 g5 21. Nh5 Ke6 22. Ng7+ Ke5 23. Nxe8 Rxe8 24. Rxh7 Ke6 25. exd5+ cxd5 26. cxd5+ Nxd5 27. Rxd5 Kxd5 28. Rxf7 Re1+ 29. Kd2 Ra1 30. Bb2 Rxa2 31. Kc3 Ke6 32. Rxc7 Kd6 33. Rb7 Ke5 34. Kc2+ Kf4 35. Kb1 Ra6 36. Rf7 Kg3 37. Rxf6 Rxf6 38. Bxf6 Kxg2 39. Bxg5 Kxf3 40. Be3 Kxe3 41. g5 Kf4 42. g6 1-0

[Event "Amager Aabne CC-ch"]
[Site "Sundbyoster"]
[Date "2016.02.10"]
[Round "2"]
[White "Dupont, Michael Kim"]
[Black "Sorensen, Ole"]
[Result "1-0"]
[WhiteElo "1482"]
[BlackElo "1724"]
[PlyCount "51"]
[EventDate "2016.01.19"]
[EventType "swiss"]
[EventRounds "7"]
[EventCountry "DEN"]
[SourceTitle "EXT 2025"]
[Source "ChessBase"]
[SourceDate "2024.10.14"]
[SourceVersion "1"]
[SourceVersionDate "2024.10.14"]
[SourceQuality "1"]

1. e4 e6 2. d3 d5 3. Nd2 c5 4. Ngf3 Nc6 5. g3 Nf6 6. Bg2 g6 7. 0-0 Bg7 8. Re1 0-0 9. c3 b6 10. Nf1 Bb7 11. Bf4 Rc8 12. e5 Nd7 13. h4 f6 14. exf6 Qxf6 15. Bh3 e5 16. Bxd7 exf4 17. Bxc8 Bxc8 18. Qb3 fxg3 19. Qxd5+ Kh8 20. fxg3 Bg4 21. Ng5 Ne5 22. Nh2 Qf2+ 23. Kh1 Qxg3 24. Rf1 Rxf1+ 25. Rxf1 Bd7 26. Qa8+ 1-0

[Event "Amager-ch"]
[Site "Amager"]
[Date "2015.09.29"]
[Round "6"]
[White "Kibenich, Mikael"]
[Black "Dupont, Michael Kim"]
[Result "0-1"]
[WhiteElo "1461"]
[BlackElo "1215"]
[PlyCount "44"]
[EventDate "2015.08.18"]
[EventType "swiss"]
[EventRounds "7"]
[EventCountry "DEN"]
[SourceTitle "EXT 2023"]
[Source "ChessBase"]
[SourceDate "2022.10.05"]
[SourceVersion "1"]
[SourceVersionDate "2022.10.05"]
[SourceQuality "1"]

1. d4 d5 2. c4 e6 3. Nf3 c5 4. Nc3 Nf6 5. Bg5 Be7 6. dxc5 Bxc5 7. e3 0-0 8. a3 a5 9. cxd5 exd5 10. Nxd5 Qxd5 11. Qc2 Bf5 12. Bc4 Bxc2 13. Bxd5 Bxe3 14. Bxf7+ Rxf7 15. Bxe3 Nbd7 16. Rc1 Ba4 17. 0-0 Rff8 18. Rc7 b6 19. Rfc1 Nd5 20. R7c4 Nxe3 21. Rxa4 Nc5 22. Rd4 Nb3 0-1

[Event "Amager Aabne CC-ch D"]
[Site "Amager"]
[Date "2015.03.24"]
[Round "6"]
[White "Nielsen, Bjorn1"]
[Black "Dupont, Michael Kim"]
[Result "1-0"]
[WhiteElo "1055"]
[BlackElo "1000"]
[PlyCount "55"]
[EventDate "2015.01.20"]
[EventType "tourn"]
[EventRounds "7"]
[EventCountry "DEN"]
[SourceTitle "EXT 2023"]
[Source "ChessBase"]
[SourceDate "2022.10.05"]
[SourceVersion "1"]
[SourceVersionDate "2022.10.05"]
[SourceQuality "1"]

1. e4 e5 2. Nc3 Bc5 3. Nf3 Nc6 4. Bc4 Nf6 5. 0-0 0-0 6. Be2 h6 7. d3 Re8 8. a3 d5 9. exd5 Nxd5 10. Nxd5 Qxd5 11. Ne1 Bf5 12. Bf3 Qe6 13. Bd2 Rad8 14. Qc1 Nd4 15. Bd1 Qg6 16. Be3 Bh3 17. Bxd4 Qxg2+ 18. Nxg2 Bxd4 19. Bf3 c6 20. c3 Bb6 21. Re1 Rxd3 22. Be4 Rd6 23. Ne3 Rf6 24. f3 Rf4 25. Kh1 Bxe3 26. Qxe3 f5 27. Bc2 e4 28. Qxf4 1-0

[Event "Amager Spring D"]
[Site "Amager"]
[Date "2010.06.01"]
[Round "4"]
[White "Tronning, Mark Philip"]
[Black "Dupont, Michael Kim"]
[Result "1-0"]
[WhiteElo "1307"]
[BlackElo "1149"]
[PlyCount "23"]
[EventDate "2010.05.11"]
[EventType "swiss"]
[EventRounds "5"]
[EventCountry "DEN"]
[SourceTitle "EXT 2023"]
[Source "ChessBase"]
[SourceDate "2022.10.05"]
[SourceVersion "1"]
[SourceVersionDate "2022.10.05"]
[SourceQuality "1"]

1. e4 e5 2. Nf3 Nc6 3. Bb5 Nf6 4. 0-0 a6 5. Ba4 Bc5 6. c3 Nxe4 7. d4 exd4 8. cxd4 Ba7 9. Re1 d5 10. Nc3 Bf5 11. Ne5 Bxd4 12. Qxd4 1-0

[Event "Amager Spring D"]
[Site "Amager"]
[Date "2010.05.25"]
[Round "3"]
[White "Krommenhoek, Daniel"]
[Black "Dupont, Michael Kim"]
[Result "0-1"]
[WhiteElo "1300"]
[BlackElo "1149"]
[PlyCount "88"]
[EventDate "2010.05.11"]
[EventType "swiss"]
[EventRounds "5"]
[EventCountry "DEN"]
[SourceTitle "EXT 2023"]
[Source "ChessBase"]
[SourceDate "2022.10.05"]
[SourceVersion "1"]
[SourceVersionDate "2022.10.05"]
[SourceQuality "1"]

1. d4 Nf6 2. Nf3 g6 3. g4 Nxg4 4. h3 Nf6 5. Bg2 Bg7 6. c4 d6 7. Nc3 0-0 8. Bf4 Nbd7 9. e4 Nb6 10. Qb3 Be6 11. d5 Bd7 12. c5 dxc5 13. e5 c4 14. Qb4 Nfxd5 15. Nxd5 Nxd5 16. Qxc4 c6 17. h4 Nxf4 18. Qxf4 Qa5+ 19. b4 Qc7 20. 0-0 f6 21. Qc4+ e6 22. exf6 Bxf6 23. Rae1 Rae8 24. Qg4 e5 25. Qc4+ Be6 26. Qe4 Bd5 27. Qg4 Bxf3 28. Bxf3 Qc8 29. Qc4+ Qe6 30. Qe4 Bxh4 31. Be2 Qh3 32. Bg4 Qc3 33. Kg2 Rf4 34. Qe2 Qxb4 35. Bd7 Re7 36. a3 Qd6 37. Rd1 Qf6 38. Qa2+ Kg7 39. f3 Qg5+ 40. Kh1 Qh5 41. Rd6 Bf2+ 42. Kg2 Qxf3+ 43. Kh2 Rh4+ 44. Bh3 Rxh3# 0-1